New Headway English Course; Upper-Intermediate; Teacher's Book

ग्रंथसूची विवरण
मुख्य लेखक: Soars L. Liz
अन्य लेखक: Soars J. John
भाषा:अंग्रेज़ी
प्रकाशित: New York, Oxford University Press, 2002
संस्करण:6-th ed.
विषय:
स्वरूप: MixedMaterials पुस्तक
KOHA link:https://koha.lib.tpu.ru/cgi-bin/koha/opac-detail.pl?biblionumber=48498

MARC

LEADER 00000nam0a2200000 4500
001 48498
005 20231031031759.0
010 |a 0194358038 
035 |a (RuTPU)RU\TPU\book\50798 
090 |a 48498 
100 |a 20030319d2002 m y0engy50 ba 
101 0 |a eng 
102 |a US 
105 |a y j 000zy 
200 1 |a New Headway English Course  |a Upper-Intermediate  |a Teacher's Book  |f L. Soars, J. Soars 
205 |a 6-th ed. 
210 |a New York  |c Oxford University Press  |d 2002 
215 |a 176 p. 
610 1 |a английский язык 
610 1 |a учебные пособия 
610 1 |a лексика 
610 1 |a грамматика 
610 1 |a разговорная речь 
610 1 |a обучение 
610 1 |a преподавание 
610 1 |a методика 
686 |a Ш143.21-923  |v LBC/SL-A  |2 rubbk 
700 1 |a Soars  |b L.  |g Liz 
701 1 |a Soars  |b J.  |g John 
801 1 |a RU  |b 63413507  |c 20030319  |g PSBO 
801 2 |a RU  |b 63413507  |c 20230331  |g PSBO 
942 |c BK